Nuclear chemistry : (Record no. 127184)

MARC details
000 -LEADER
fixed length control field 00701nam a22002177a 4500
005 - DATE AND TIME OF LATEST TRANSACTION
control field 20170124110021.0
010 ## - LIBRARY OF CONGRESS CONTROL NUMBER
LC control number B-092575
020 ## - INTERNATIONAL STANDARD BOOK NUMBER
Terms of availability 00.00
International Standard Book Number 8178880997
035 ## - SYSTEM CONTROL NUMBER
System control number B-092575
037 ## - SOURCE OF ACQUISITION
Source of stock number/acquisition Cen Lib/Ret
040 ## - CATALOGING SOURCE
Original cataloging agency DPL
Language of cataloging EN
082 ## - DEWEY DECIMAL CLASSIFICATION NUMBER
Classification number 541.38
Item number SHE
100 ## - MAIN ENTRY--PERSONAL NAME
Personal name Shekar, C. V.
9 (RLIN) 19702
245 ## - TITLE STATEMENT
Title Nuclear chemistry :
Statement of responsibility, etc by C. V. Shekar
Remainder of title for B.Sc and M.Sc. students of Indian universitioes /
260 ## - PUBLICATION, DISTRIBUTION, ETC. (IMPRINT)
Place of publication, distribution, etc New Delhi
Name of publisher, distributor, etc Dominant Publishers
Date of publication, distribution, etc 2003
270 ## - ADDRESS
City Delhi
Address 116A, Sout Anarkali
Postal code 110051
300 ## - PHYSICAL DESCRIPTION
Extent 452p.:
Dimensions 20cm(Hb)
Other physical details ill.
650 ## - SUBJECT ADDED ENTRY--TOPICAL TERM
Topical term or geographic name as entry element Nuclear chemistry--Research
9 (RLIN) 19703
650 ## - SUBJECT ADDED ENTRY--TOPICAL TERM
Topical term or geographic name as entry element Nuclear chemistry--Experiments
9 (RLIN) 19704
942 ## - ADDED ENTRY ELEMENTS (KOHA)
Source of classification or shelving scheme Dewey Decimal Classification
Koha item type English Books
Classification part 541.38
Call number suffix SHE
Holdings
Withdrawn status Lost status Damaged status Not for loan Home library Current library Date acquired Source of acquisition Cost, normal purchase price Total Checkouts Total Renewals Full call number Barcode Date last seen Date checked out Copy number Cost, replacement price Price effective from Koha item type Source of classification or shelving scheme Collection code
        Central Library Central Library 27/06/2015 Cen Lib/Ret 0.00 3 1 541.38 SHE B-092575 21/10/2019 11/09/2019 1 0.00 27/06/2015 English Books    
        Sarojini Nagar Sarojini Nagar 22/03/2021   0.00     541.38 SHE B-092579 22/03/2021     0.00 22/03/2021 English Books Dewey Decimal Classification Non-fiction

© Delhi Public Library
Hit Counter
free hit counter